<?xml version="1.0" encoding="UTF-8"?>
<record
    xmlns:xsi="http://www.w3.org/2001/XMLSchema-instance"
    xsi:schemaLocation="http://www.loc.gov/MARC21/slim http://www.loc.gov/standards/marcxml/schema/MARC21slim.xsd"
    xmlns="http://www.loc.gov/MARC21/slim">

  <leader>00523nam a2200205Ia 4500</leader>
  <controlfield tag="008">230125s9999    xx            000 0 und d</controlfield>
  <datafield tag="020" ind1=" " ind2=" ">
    <subfield code="a">81-203-12190-8</subfield>
  </datafield>
  <datafield tag="041" ind1=" " ind2=" ">
    <subfield code="a">eng</subfield>
  </datafield>
  <datafield tag="082" ind1=" " ind2=" ">
    <subfield code="a">659.1</subfield>
    <subfield code="b">BAT/MYE</subfield>
  </datafield>
  <datafield tag="100" ind1=" " ind2=" ">
    <subfield code="a">Batra R</subfield>
    <subfield code="9">107248</subfield>
  </datafield>
  <datafield tag="245" ind1=" " ind2=" ">
    <subfield code="a">Advertising Management</subfield>
  </datafield>
  <datafield tag="250" ind1=" " ind2=" ">
    <subfield code="a">5th ed</subfield>
  </datafield>
  <datafield tag="260" ind1=" " ind2=" ">
    <subfield code="c">1996</subfield>
    <subfield code="b">Prentice Hall</subfield>
    <subfield code="a">New Delhi</subfield>
  </datafield>
  <datafield tag="300" ind1=" " ind2=" ">
    <subfield code="a">754p</subfield>
  </datafield>
  <datafield tag="500" ind1=" " ind2=" ">
    <subfield code="a">advertising</subfield>
  </datafield>
  <datafield tag="650" ind1=" " ind2=" ">
    <subfield code="a">Advertising</subfield>
    <subfield code="9">107249</subfield>
  </datafield>
  <datafield tag="700" ind1=" " ind2=" ">
    <subfield code="a">Batra R; Myers J G &amp; Aaker D A</subfield>
    <subfield code="9">107250</subfield>
  </datafield>
  <datafield tag="906" ind1=" " ind2=" ">
    <subfield code="b">38</subfield>
  </datafield>
  <datafield tag="999" ind1=" " ind2=" ">
    <subfield code="c">84451</subfield>
    <subfield code="d">84451</subfield>
  </datafield>
  <datafield tag="952" ind1=" " ind2=" ">
    <subfield code="0">0</subfield>
    <subfield code="1">0</subfield>
    <subfield code="4">0</subfield>
    <subfield code="7">0</subfield>
    <subfield code="a">HIMR</subfield>
    <subfield code="b">HIMR</subfield>
    <subfield code="d">2005-09-22</subfield>
    <subfield code="e">Pritam Book Centre</subfield>
    <subfield code="g">250.00</subfield>
    <subfield code="i">1902</subfield>
    <subfield code="l">0</subfield>
    <subfield code="o">659.1 BAT/MYE B04571</subfield>
    <subfield code="p">HIMR-BK-4571</subfield>
    <subfield code="r">2023-01-25 00:00:00</subfield>
    <subfield code="v">212.00</subfield>
    <subfield code="w">2005-09-14</subfield>
    <subfield code="y">BK</subfield>
    <subfield code="z">B04571</subfield>
  </datafield>
  <datafield tag="952" ind1=" " ind2=" ">
    <subfield code="0">2</subfield>
    <subfield code="1">0</subfield>
    <subfield code="4">0</subfield>
    <subfield code="7">0</subfield>
    <subfield code="a">HIMR</subfield>
    <subfield code="b">HIMR</subfield>
    <subfield code="d">2005-09-16</subfield>
    <subfield code="e">Pritam Book Centre</subfield>
    <subfield code="g">250.00</subfield>
    <subfield code="i">1902</subfield>
    <subfield code="o">659.1 BAT/MYE B04570</subfield>
    <subfield code="p">HIMR-BK-4570</subfield>
    <subfield code="r">2023-01-25 00:00:00</subfield>
    <subfield code="v">212.00</subfield>
    <subfield code="w">2005-09-14</subfield>
    <subfield code="y">BK</subfield>
    <subfield code="z">B04570</subfield>
  </datafield>
  <datafield tag="952" ind1=" " ind2=" ">
    <subfield code="0">0</subfield>
    <subfield code="1">0</subfield>
    <subfield code="4">0</subfield>
    <subfield code="7">0</subfield>
    <subfield code="a">HIMR</subfield>
    <subfield code="b">HIMR</subfield>
    <subfield code="d">1999-07-23</subfield>
    <subfield code="e">Everest publisher</subfield>
    <subfield code="g">195.00</subfield>
    <subfield code="l">0</subfield>
    <subfield code="o">659.1 BAT/MYE B01675</subfield>
    <subfield code="p">HIMR-BK-1675</subfield>
    <subfield code="r">2023-01-25 00:00:00</subfield>
    <subfield code="v">195.00</subfield>
    <subfield code="w">1999-07-23</subfield>
    <subfield code="y">BK</subfield>
    <subfield code="z">B01675</subfield>
  </datafield>
  <datafield tag="952" ind1=" " ind2=" ">
    <subfield code="0">2</subfield>
    <subfield code="1">0</subfield>
    <subfield code="4">0</subfield>
    <subfield code="7">0</subfield>
    <subfield code="a">HIMR</subfield>
    <subfield code="b">HIMR</subfield>
    <subfield code="d">1999-07-23</subfield>
    <subfield code="e">Everest publisher</subfield>
    <subfield code="g">195.00</subfield>
    <subfield code="o">659.1 BAT/MYE B01676</subfield>
    <subfield code="p">HIMR-BK-1676</subfield>
    <subfield code="r">2023-01-25 00:00:00</subfield>
    <subfield code="v">195.00</subfield>
    <subfield code="w">1999-07-23</subfield>
    <subfield code="y">BK</subfield>
    <subfield code="z">B01676</subfield>
  </datafield>
  <datafield tag="952" ind1=" " ind2=" ">
    <subfield code="0">2</subfield>
    <subfield code="1">0</subfield>
    <subfield code="4">0</subfield>
    <subfield code="7">0</subfield>
    <subfield code="a">HIMR</subfield>
    <subfield code="b">HIMR</subfield>
    <subfield code="d">1999-07-23</subfield>
    <subfield code="e">Everest publisher</subfield>
    <subfield code="g">195.00</subfield>
    <subfield code="o">659.1 BAT/MYE B01674</subfield>
    <subfield code="p">HIMR-BK-1674</subfield>
    <subfield code="r">2023-01-25 00:00:00</subfield>
    <subfield code="v">195.00</subfield>
    <subfield code="w">1999-07-23</subfield>
    <subfield code="y">BK</subfield>
    <subfield code="z">B01674</subfield>
  </datafield>
  <datafield tag="952" ind1=" " ind2=" ">
    <subfield code="0">0</subfield>
    <subfield code="1">0</subfield>
    <subfield code="4">0</subfield>
    <subfield code="7">0</subfield>
    <subfield code="a">HIMR</subfield>
    <subfield code="b">HIMR</subfield>
    <subfield code="d">2006-09-28</subfield>
    <subfield code="e">Pritam Book Centre</subfield>
    <subfield code="g">250.00</subfield>
    <subfield code="i">3382</subfield>
    <subfield code="l">0</subfield>
    <subfield code="o">659.1 BAT/MYE B05456</subfield>
    <subfield code="p">HIMR-BK-5456</subfield>
    <subfield code="r">2023-01-25 00:00:00</subfield>
    <subfield code="v">200.00</subfield>
    <subfield code="w">2006-09-28</subfield>
    <subfield code="y">BK</subfield>
    <subfield code="z">B05456</subfield>
  </datafield>
</record>
